Los libros de Samuel y de los reyes
Salvato in:
| Autore principale: | |
|---|---|
| Natura: | Libro |
| Lingua: | spagnolo |
| Pubblicazione: |
Pamplona
Verbo Divino
1984
|
| Serie: | Cuadernos Bíblicos, 44
|
| Soggetti: | |
| Tags: |
Aggiungi Tag
Nessun Tag, puoi essere il primo ad aggiungerne!!
|
MARC
| LEADER | 00000nam a2200000 a 4500 | ||
|---|---|---|---|
| 001 | UCL7845 | ||
| 003 | CL-VaPUC | ||
| 008 | 040604e19840000SP |||||||||||||||||spa|d | ||
| 020 | |a 8471513668 | ||
| 082 | 0 | 4 | |a 222.4 |b GIB |2 21 |
| 100 | |a Gibert, Pierre |e author |9 485754 | ||
| 245 | 1 | 4 | |a Los libros de Samuel y de los reyes |
| 300 | |a 62 p | ||
| 942 | |c BK | ||
| 945 | |d 20040604 00:00:00 |a cmena | ||
| 260 | |a Pamplona |b Verbo Divino |c 1984 | ||
| 600 | 0 | 7 | |a SAMUEL |2 CL-VaPUC |9 485755 |
| 650 | 0 | |a Textos sagrados |9 257605 | |
| 650 | 0 | |a Sagradas escrituras |9 349657 | |
| 650 | 0 | |a Biblia |9 257603 | |
| 650 | 0 | |a Antiguo testamento |9 313678 | |
| 583 | |a last modification |c 20130402 08:33:53 |k Rodrigo Vera | ||
| 490 | 0 | |a Cuadernos Bíblicos, 44 | |
| 999 | |c 309403 |d 309401 | ||
| 952 | |0 0 |1 0 |4 0 |6 222_400000000000000_GIB_1984 |7 0 |8 A |9 376839 |a BIBTEO |b BIBTEO |d 2019-11-21 |i 2116863 |o 222.4 GIB 1984 |p 2116863 |r 2025-01-17 |w 2019-11-21 |y BK |k ICR | ||